Изучение реакции переэтерификации 7-нитро-2-оксо-5-фенил-2,3-дигидро-1н-бензо[е][1,4]диазепин-3-ил ацетата; Химия и химическая технология в XXI веке; Т. 1

Detalhes bibliográficos
Parent link:Химия и химическая технология в XXI веке: материалы XXII Международной научно-практической конференции студентов и молодых ученых имени выдающихся химиков Л. П. Кулёва и Н. М. Кижнера, посвященной 125-летию со дня основания Томского политехнического университета, Томск, 17-20 мая 2021 г./ Национальный исследовательский Томский политехнический университет (ТПУ) ; Инженерная школа природных ресурсов ; Исследовательская школа химических и биомедицинских технологий.— , 2021
Т. 1.— 2021.— [С. 259-260]
Autor principal: Фролов Г. А.
Autor Corporativo: Национальный исследовательский Томский политехнический университет Инженерная школа новых производственных технологий Научно-образовательный центр Н. М. Кижнера
Outros Autores: Леонов К. А. (научный руководитель), Иванова О. В., Павловский В. И. Виктор Иванович
Resumo:Заглавие с титульного экрана
Idioma:russo
Publicado em: 2021
Colecção:Химия и химическая технология органических веществ и материалов
Assuntos:
Acesso em linha:http://earchive.tpu.ru/handle/11683/66216
Formato: Recurso Electrónico Capítulo de Livro
KOHA link:https://koha.lib.tpu.ru/cgi-bin/koha/opac-detail.pl?biblionumber=632840

MARC

LEADER 00000naa2a2200000 4500
001 632840
005 20231101133730.0
035 |a (RuTPU)RU\TPU\conf\34562 
035 |a RU\TPU\conf\34552 
090 |a 632840 
100 |a 20210524d2021 k y0rusy50 ca 
101 0 |a rus 
102 |a RU 
105 |a y z 101zy 
135 |a drgn ---uucaa 
181 0 |a i  
182 0 |a b 
200 1 |a Изучение реакции переэтерификации 7-нитро-2-оксо-5-фенил-2,3-дигидро-1н-бензо[е][1,4]диазепин-3-ил ацетата  |f  Г. А. Фролов, К. А. Леонов, О. В. Иванова  |g науч. рук. В. И. Павловский 
203 |a Текст  |c электронный 
225 1 |a Химия и химическая технология органических веществ и материалов 
230 |a 1 компьютерный файл (pdf; 1 537 Kb) 
300 |a Заглавие с титульного экрана 
320 |a [Библиогр.: с. 260 (1 назв.)] 
461 1 |0 (RuTPU)RU\TPU\conf\34506  |t Химия и химическая технология в XXI веке  |o материалы XXII Международной научно-практической конференции студентов и молодых ученых имени выдающихся химиков Л. П. Кулёва и Н. М. Кижнера, посвященной 125-летию со дня основания Томского политехнического университета, Томск, 17-20 мая 2021 г.  |o в 2 т.  |f Национальный исследовательский Томский политехнический университет (ТПУ) ; Инженерная школа природных ресурсов ; Исследовательская школа химических и биомедицинских технологий  |d 2021 
463 1 |0 (RuTPU)RU\TPU\conf\34507  |t Т. 1  |v [С. 259-260]  |d 2021 
610 1 |a труды учёных ТПУ 
610 1 |a электронный ресурс 
610 1 |a переэтерификация 
610 1 |a лекарственные препараты 
610 1 |a растворители 
610 1 |a психотропные вещества 
610 1 |a анальгетики 
700 1 |a Фролов  |b Г. А. 
701 1 |a Леонов  |b К. А. 
701 1 |a Иванова  |b О. В. 
702 1 |a Павловский  |b В. И.  |c химик  |c профессор Томского политехнического университета, доктор химических наук  |f 1958-  |g Виктор Иванович  |2 stltpush  |4 727 
712 0 2 |a Национальный исследовательский Томский политехнический университет  |b Инженерная школа новых производственных технологий  |b Научно-образовательный центр Н. М. Кижнера  |h 7872  |2 stltpush  |3 (RuTPU)RU\TPU\col\23556 
801 2 |a RU  |b 63413507  |c 20210531  |g RCR 
856 4 |u http://earchive.tpu.ru/handle/11683/66216 
942 |c BK